00393nam a2200157Ia 450000500170000000800410001702000210005804100120007908200140009110000350010524500270014025000080016726000250017550000080020065000270020820240823040649.0240823s9999||||xx |||||||||||||| ||und|| a978-93-504-086-7 aENGLISH A006.74 Q2 aKogent Learning Soluctions Inc 0aHTML 5 in Simple Steps a1st c2012bDreamtech New  aYES aHTMLbComputer Science